000 00334nam a2200121Ia 4500
008 240731s9999 xx 000 0 und d
022 _a2162-4097
245 0 _aSCHOLE: A Journal of Leisure Studies and Recreation Education
260 _bRoutledge
856 _uhttps://www.tandfonline.com/loi/ujle20
942 _2ddc
942 _cTFEJ
999 _c79288
_d79288
945 _a1
_bMadushi Gamage
_c1
_dMadushi Gamage